00553nam a2200157 i 45000010005000000030009000050050017000140080041000310200018000720800031000901000039001212450080001602600037002403000030002778520088003078860ES-MaACL20230906145541.0131113s1974 sp ||||1| spa d a84-239-4922-2 a929 Madariaga, Salvador de1 aMadariaga, Salvador de,d1886-197810aMemorias (1921-1936) b: amanecer sin mediodía / cSalvador de Madariaga. aMadrid : bEspasa Calpe, c1974. a739 p. : bil. ; c22 cm. aES-MaACLjE-3529 z.- Donat. herederos de la bibl. de Mª del Pilar Costa Palacín